[Event "Szuperliga - GM Szabo Laszlo"]
[Site "Ajka"]
[Date "2024.04.07"]
[Round "7.5"]
[White "Kovacs, Gabor"]
[Black "Balog, Imre"]
[Result "0-1"]
[WhiteElo "2392"]
[BlackElo "2619"]
[PlyCount "84"]
[EventDate "2023.10.28"]
[EventType "team-tourn"]
[EventRounds "9"]
[EventCountry "HUN"]
[Source "chess.hu"]
[WhiteTeam "Haladas VSE"]
[BlackTeam "Sentimento Ajka BSK"]
[WhiteTeamCountry "HUN"]
[BlackTeamCountry "HUN"]

1. d4 d5 2. c4 c6 3. Nf3 Nf6 4. e3 Bg4 5. Be2 e6 6. Nbd2 Nbd7 7. h3 Bh5 8. O-O
Bd6 9. b3 Ne4 10. Nxe4 dxe4 11. Nd2 Bg6 12. Bh5 f5 13. f4 Qh4 14. Be2 Bf7 15.
Qe1 Qh6 16. c5 Be7 17. Nc4 Bh5 18. Bd2 Nf6 19. Ne5 Bxe2 20. Qxe2 g5 21. b4 Rg8
22. fxg5 Rxg5 23. Kh2 a6 24. Be1 Nd5 25. Nc4 Kf7 26. Bg3 Rag8 27. Bf4 Rxg2+ 28.
Qxg2 Rxg2+ 29. Kxg2 Bg5 30. Bxg5 Qxg5+ 31. Kf2 Nxb4 32. Rg1 Qh4+ 33. Rg3 Nd3+
34. Kg2 Qh5 35. Kf1 Kf6 36. Rb1 e5 37. dxe5+ Nxe5 38. Nxe5 Kxe5 39. Ke1 f4 40.
exf4+ Kxf4 41. Rbb3 Qxc5 42. Rg4+ Kf5 0-1

[Event "Szuperliga - GM Szabo Laszlo"]
[Site "Ajka"]
[Date "2024.04.07"]
[Round "7.6"]
[White "Korpa, Bence"]
[Black "Borhy, Marcell"]
[Result "1/2-1/2"]
[WhiteElo "2546"]
[BlackElo "2366"]
[PlyCount "93"]
[EventDate "2023.10.28"]
[EventType "team-tourn"]
[EventRounds "9"]
[EventCountry "HUN"]
[Source "chess.hu"]
[WhiteTeam "Sentimento Ajka BSK"]
[BlackTeam "Haladas VSE"]
[WhiteTeamCountry "HUN"]
[BlackTeamCountry "HUN"]

1. e4 c5 2. Nf3 d6 3. c3 Nf6 4. h3 Nc6 5. Bd3 g6 6. O-O Bg7 7. Bc2 O-O 8. d4
cxd4 9. cxd4 e5 10. dxe5 dxe5 11. Nc3 Be6 12. Qe2 Rc8 13. Rd1 Qc7 14. Be3 Nb4
15. Bb3 Bxb3 16. axb3 a6 17. Rac1 Qe7 18. Na4 Nxe4 19. Bb6 f5 20. Nd2 Rxc1 21.
Rxc1 Nd5 22. Nxe4 Nxb6 23. Nxb6 fxe4 24. Qxe4 Qf7 25. Qc4 e4 26. Rc2 Re8 27.
Re2 Re6 28. Rxe4 Rxb6 29. Re8+ Bf8 30. Rxf8+ Kxf8 31. Qc5+ Qe7 32. Qxb6 Qe1+
33. Kh2 Qe5+ 34. g3 Qxb2 35. Kg2 Qg7 36. Qd8+ Kf7 37. Qc7+ Kf6 38. Qc3+ Kf7 39.
Qc4+ Ke7 40. Qc7+ Kf6 41. Qd6+ Kf7 42. g4 g5 43. Qd5+ Kf6 44. Qd4+ Kf7 45. Qc4+
Ke7 46. Qc7+ Kf6 47. Qd6+ 1/2-1/2

[Event "Szuperliga - GM Szabo Laszlo"]
[Site "Ajka"]
[Date "2024.04.07"]
[Round "7.7"]
[White "Gombocz, Ferenc Jr"]
[Black "Pasti, Aron"]
[Result "0-1"]
[WhiteElo "2364"]
[BlackElo "2382"]
[PlyCount "58"]
[EventDate "2023.10.28"]
[EventType "team-tourn"]
[EventRounds "9"]
[EventCountry "HUN"]
[Source "chess.hu"]
[WhiteTeam "Haladas VSE"]
[BlackTeam "Sentimento Ajka BSK"]
[WhiteTeamCountry "HUN"]
[BlackTeamCountry "HUN"]

1. d4 Nf6 2. Nf3 e6 3. Bf4 c5 4. e3 Nc6 5. Nbd2 b6 6. c3 Be7 7. e4 d6 8. Bb5
Bd7 9. Qe2 O-O 10. e5 Nd5 11. Bg3 cxd4 12. Nxd4 Nxe5 13. Bxd7 Qxd7 14. Bxe5
dxe5 15. Qxe5 Nb4 16. Qe4 e5 17. Nf5 Nd3+ 18. Ke2 Rad8 19. Nxe7+ Qxe7 20. b3
Nxf2 21. Qe3 Nxh1 22. Rxh1 Qa3 23. h4 Qxa2 24. h5 Rd6 25. Rd1 Rfd8 26. c4 Qc2
27. Ke1 h6 28. b4 Rd3 29. Qe2 Qc3 0-1

[Event "Szuperliga - GM Szabo Laszlo"]
[Site "Ajka"]
[Date "2024.04.07"]
[Round "7.8"]
[White "Gaal, Zsoka"]
[Black "Nagy, Bence"]
[Result "1-0"]
[WhiteElo "2356"]
[BlackElo "2308"]
[PlyCount "67"]
[EventDate "2023.10.28"]
[EventType "team-tourn"]
[EventRounds "9"]
[EventCountry "HUN"]
[Source "chess.hu"]
[WhiteTeam "Sentimento Ajka BSK"]
[BlackTeam "Haladas VSE"]
[WhiteTeamCountry "HUN"]
[BlackTeamCountry "HUN"]

1. Nf3 Nf6 2. g3 g6 3. b3 Bg7 4. Bb2 O-O 5. Bg2 d5 6. c4 c6 7. O-O a5 8. d3 Na6
9. Nbd2 Bg4 10. Qc1 a4 11. Bc3 axb3 12. axb3 dxc4 13. bxc4 Nc5 14. Qc2 Qc7 15.
Rfb1 Rfc8 16. e4 Rxa1 17. Bxa1 Bxf3 18. Nxf3 Ra8 19. e5 Nfd7 20. d4 Na4 21. Ng5
e6 22. Ne4 Bf8 23. c5 b6 24. Nd6 Ra6 25. Qe2 Nb8 26. h4 Ra7 27. h5 bxc5 28.
hxg6 hxg6 29. Ne8 Qd8 30. Nf6+ Kg7 31. Qg4 c4 32. Qh4 Ba3 33. Qh7+ Kf8 34. Rxb8
1-0

[Event "Szuperliga - GM Szabo Laszlo"]
[Site "Ajka"]
[Date "2024.04.07"]
[Round "7.9"]
[White "Balint, Peter"]
[Black "Horvath, Peter"]
[Result "1-0"]
[WhiteElo "2335"]
[BlackElo "2376"]
[PlyCount "75"]
[EventDate "2023.10.28"]
[EventType "team-tourn"]
[EventRounds "9"]
[EventCountry "HUN"]
[Source "chess.hu"]
[WhiteTeam "Haladas VSE"]
[BlackTeam "Sentimento Ajka BSK"]
[WhiteTeamCountry "HUN"]
[BlackTeamCountry "HUN"]

1. e4 c5 2. Nf3 Nc6 3. d4 cxd4 4. Nxd4 e5 5. Nb5 d6 6. c4 Be7 7. Bd3 Be6 8. O-O
Rc8 9. N1c3 a6 10. Na3 Bg5 11. Nd5 Bxc1 12. Rxc1 Nf6 13. Nc2 O-O 14. b4 Bxd5
15. exd5 Ne7 16. Ne3 a5 17. a3 axb4 18. axb4 Qb6 19. Qd2 e4 20. Be2 Nd7 21.
Rfd1 f5 22. c5 dxc5 23. d6 Ng6 24. Bc4+ Kh8 25. Be6 Nge5 26. Nxf5 Rf6 27. Qg5
Nf3+ 28. gxf3 Rg6 29. Qxg6 hxg6 30. Bxd7 Rd8 31. bxc5 Qb2 32. Nd4 Rxd7 33. fxe4
Qa2 34. e5 Rf7 35. f3 Qd5 36. e6 Qg5+ 37. Kh1 Rf4 38. e7 1-0

[Event "Szuperliga - GM Szabo Laszlo"]
[Site "Ajka"]
[Date "2024.04.07"]
[Round "7.10"]
[White "Kolimar, Kristof Pal"]
[Black "Lakos, Nikoletta"]
[Result "1-0"]
[WhiteElo "2324"]
[BlackElo "2213"]
[PlyCount "55"]
[EventDate "2023.10.28"]
[EventType "team-tourn"]
[EventRounds "9"]
[EventCountry "HUN"]
[Source "chess.hu"]
[WhiteTeam "Sentimento Ajka BSK"]
[BlackTeam "Haladas VSE"]
[WhiteTeamCountry "HUN"]
[BlackTeamCountry "HUN"]

1. d4 d6 2. Nf3 Nf6 3. c4 c6 4. Nc3 Bf5 5. g3 h6 6. Bg2 Bh7 7. O-O Nbd7 8. d5
c5 9. Ne1 a6 10. a4 g5 11. e4 Rg8 12. Nd3 Qc7 13. Qe2 g4 14. Bf4 Nh5 15. Be3
Nhf6 16. a5 Ne5 17. Nxe5 dxe5 18. Bd2 Nd7 19. Na4 e6 20. f4 exf4 21. Bxf4 Qxa5
22. Nc3 Qb4 23. Nb5 Nb6 24. Nc7+ Ke7 25. Nxa8 Nxa8 26. Bd2 Qb3 27. Ra3 Qxb2 28.
Bg5+ 1-0

[Event "Szuperliga - GM Szabo Laszlo"]
[Site "Dunaharaszti"]
[Date "2024.05.11"]
[Round "8.1"]
[White "Babula, Vlastimil"]
[Black "Stevic, Hrvoje"]
[Result "1/2-1/2"]
[WhiteElo "2529"]
[BlackElo "2531"]
[PlyCount "69"]
[EventDate "2023.10.28"]
[EventType "team-tourn"]
[EventRounds "9"]
[EventCountry "HUN"]
[Source "chess.hu"]
[WhiteTeam "Haladas VSE"]
[BlackTeam "Dunaharaszti MTK"]
[WhiteTeamCountry "HUN"]
[BlackTeamCountry "HUN"]

1. d4 d5 2. c4 c6 3. Nf3 Nf6 4. e3 Bf5 5. Nc3 e6 6. Nh4 Be4 7. f3 Bg6 8. Bd2
dxc4 9. Nxg6 hxg6 10. Bxc4 b5 11. Bb3 a5 12. a3 Nbd7 13. O-O Bd6 14. g3 O-O 15.
Kg2 Qb6 16. Qe2 Be7 17. Rfd1 Rfd8 18. Be1 Nd5 19. Bc2 b4 20. axb4 Nxb4 21. Bb1
e5 22. Bf2 Qb7 23. dxe5 Nxe5 24. Rxd8+ Bxd8 25. f4 Nd7 26. Na4 Qb5 27. Qxb5
cxb5 28. Nc3 Rb8 29. e4 a4 30. b3 Bf6 31. e5 Nxe5 32. fxe5 Bxe5 33. bxa4 Bxc3
34. Ra3 Bd2 35. axb5 1/2-1/2

[Event "Szuperliga - GM Szabo Laszlo"]
[Site "Dunaharaszti"]
[Date "2024.05.11"]
[Round "8.2"]
[White "Grigoriants, Sergey"]
[Black "Hera, Imre Jr"]
[Result "1/2-1/2"]
[WhiteElo "2535"]
[BlackElo "2542"]
[PlyCount "40"]
[EventDate "2023.10.28"]
[EventType "team-tourn"]
[EventRounds "9"]
[EventCountry "HUN"]
[Source "chess.hu"]
[WhiteTeam "Dunaharaszti MTK"]
[BlackTeam "Haladas VSE"]
[WhiteTeamCountry "HUN"]
[BlackTeamCountry "HUN"]

1. e4 e5 2. Nf3 Nf6 3. Nc3 Nc6 4. Bb5 Bb4 5. O-O O-O 6. d3 d6 7. Ne2 Ne7 8. c3
Ba5 9. Ng3 c6 10. Ba4 Ng6 11. d4 h6 12. Bc2 Bc7 13. Re1 Re8 14. h3 Be6 15. Be3
Qe7 16. Bd3 Nf4 17. Bf1 Ng6 18. Bd3 Nf4 19. Bf1 Ng6 20. Bd3 Nf4 1/2-1/2

[Event "Szuperliga - GM Szabo Laszlo"]
[Site "Dunaharaszti"]
[Date "2024.05.11"]
[Round "8.3"]
[White "Ruck, Robert"]
[Black "Gonda, Laszlo"]
[Result "1/2-1/2"]
[WhiteElo "2531"]
[BlackElo "2490"]
[PlyCount "85"]
[EventDate "2023.10.28"]
[EventType "team-tourn"]
[EventRounds "9"]
[EventCountry "HUN"]
[Source "chess.hu"]
[WhiteTeam "Haladas VSE"]
[BlackTeam "Dunaharaszti MTK"]
[WhiteTeamCountry "HUN"]
[BlackTeamCountry "HUN"]

1. Nf3 c5 2. c4 Nc6 3. Nc3 e5 4. e3 Nf6 5. Be2 d5 6. d4 exd4 7. exd4 cxd4 8.
Nxd4 dxc4 9. Nxc6 Qxd1+ 10. Nxd1 bxc6 11. Bxc4 Nd5 12. O-O Be6 13. b3 Be7 14.
Bb2 O-O 15. Nc3 Nxc3 16. Bxc3 Bxc4 17. bxc4 Bc5 18. Rfe1 Rfd8 19. Rad1 h5 20.
Kf1 Rxd1 21. Rxd1 Re8 22. Re1 Rxe1+ 23. Kxe1 f5 24. f3 Kf7 25. Kd2 g5 26. h3 g4
27. fxg4 fxg4 28. hxg4 hxg4 29. Kd3 Bd6 30. Ke4 Ke6 31. Bd2 a6 32. Bf4 Be7 33.
Bg3 Bg5 34. Kd4 Be7 35. Ke4 Bg5 36. Bb8 Bh6 37. Bf4 Bf8 38. Be3 Bd6 39. Bg5 Bc7
40. Bh6 Bd6 41. Bg7 Bg3 42. Bf8 Be5 43. Bc5 1/2-1/2

[Event "Szuperliga - GM Szabo Laszlo"]
[Site "Dunaharaszti"]
[Date "2024.05.11"]
[Round "8.4"]
[White "Csiki, Endre"]
[Black "Nemeth, Miklos"]
[Result "0-1"]
[WhiteElo "2281"]
[BlackElo "2444"]
[PlyCount "60"]
[EventDate "2023.10.28"]
[EventType "team-tourn"]
[EventRounds "9"]
[EventCountry "HUN"]
[Source "chess.hu"]
[WhiteTeam "Dunaharaszti MTK"]
[BlackTeam "Haladas VSE"]
[WhiteTeamCountry "HUN"]
[BlackTeamCountry "HUN"]

1. e4 e5 2. Nf3 Nc6 3. Bc4 Bc5 4. d3 Nf6 5. Nc3 h6 6. a3 d6 7. h3 Be6 8. Bxe6
fxe6 9. Be3 Bxe3 10. fxe3 d5 11. O-O O-O 12. exd5 exd5 13. e4 d4 14. Ne2 Qd6
15. Ng3 Kh7 16. Nf5 Qe6 17. Qe1 Nh5 18. c3 dxc3 19. bxc3 g6 20. Ne3 Nf4 21. Ng4
Qe7 22. d4 exd4 23. cxd4 h5 24. Ne3 Rad8 25. Rd1 Kg8 26. Nc2 Rde8 27. e5 Qd8
28. d5 Nxe5 29. Nxe5 Qg5 30. Rxf4 Qxf4 0-1

[Event "Szuperliga - GM Szabo Laszlo"]
[Site "Dunaharaszti"]
[Date "2024.05.11"]
[Round "8.5"]
[White "Polak, Tomas"]
[Black "Flumbort, Andras Dr"]
[Result "1-0"]
[WhiteElo "2524"]
[BlackElo "2445"]
[PlyCount "57"]
[EventDate "2023.10.28"]
[EventType "team-tourn"]
[EventRounds "9"]
[EventCountry "HUN"]
[Source "chess.hu"]
[WhiteTeam "Haladas VSE"]
[BlackTeam "Dunaharaszti MTK"]
[WhiteTeamCountry "HUN"]
[BlackTeamCountry "HUN"]

1. Nf3 c5 2. c4 Nc6 3. Nc3 e5 4. e3 Nf6 5. d4 e4 6. Ne5 cxd4 7. exd4 Bb4 8. Be2
Qa5 9. Nxc6 dxc6 10. Bd2 O-O 11. O-O Rd8 12. a3 Bxc3 13. Bxc3 Qg5 14. Qc1 Qg6
15. Qf4 Bf5 16. Rfe1 Re8 17. Bf1 h5 18. Kh1 Rad8 19. h3 Be6 20. Re3 Qf5 21. Qh4
Bc8 22. Rae1 Rd6 23. Rg3 Ng4 24. f3 Nf2+ 25. Kg1 e3 26. Rg5 Nxh3+ 27. gxh3 Rg6
28. Rxg6 Qxg6+ 29. Kh2 1-0

[Event "Szuperliga - GM Szabo Laszlo"]
[Site "Dunaharaszti"]
[Date "2024.05.11"]
[Round "8.6"]
[White "Hoang, Thanh Trang"]
[Black "Kovacs, Gabor"]
[Result "0-1"]
[WhiteElo "2382"]
[BlackElo "2390"]
[PlyCount "96"]
[EventDate "2023.10.28"]
[EventType "team-tourn"]
[EventRounds "9"]
[EventCountry "HUN"]
[Source "chess.hu"]
[WhiteTeam "Dunaharaszti MTK"]
[BlackTeam "Haladas VSE"]
[WhiteTeamCountry "HUN"]
[BlackTeamCountry "HUN"]

1. d4 d5 2. Nf3 e6 3. e3 Nf6 4. Bd3 b6 5. O-O Bb7 6. b3 Be7 7. Bb2 O-O 8. Nbd2
c5 9. Qe2 Nc6 10. a3 Rc8 11. Rfd1 cxd4 12. exd4 Bd6 13. Ne5 Ne7 14. f4 Qc7 15.
Rac1 Ng6 16. Rf1 Qe7 17. a4 Rc7 18. Kh1 Re8 19. Rce1 Qd8 20. Qf2 Qb8 21. f5
exf5 22. Bxf5 Rce7 23. Ndf3 Ne4 24. Bxe4 dxe4 25. Nxg6 hxg6 26. Ne5 Qc7 27. c4
Bxe5 28. dxe5 Rd7 29. Re3 Rd3 30. e6 Rxe6 31. Rxd3 exd3 32. Qd4 f6 33. Qxd3 Qc6
34. Qc2 Qe8 35. c5 b5 36. axb5 Qxb5 37. Rg1 Re2 38. Qc1 Qxb3 39. c6 Rc2 40. Qd1
Bxc6 41. Ba1 Qa2 42. Qg4 Bxg2+ 43. Rxg2 Qb1+ 44. Rg1 Qb7+ 45. Qg2 Rxg2 46. Rxg2
a5 47. h3 a4 48. Kh2 g5 0-1

[Event "Szuperliga - GM Szabo Laszlo"]
[Site "Dunaharaszti"]
[Date "2024.05.11"]
[Round "8.7"]
[White "Borhy, Marcell"]
[Black "Popovics, Adam"]
[Result "1/2-1/2"]
[WhiteElo "2368"]
[BlackElo "2360"]
[PlyCount "93"]
[EventDate "2023.10.28"]
[EventType "team-tourn"]
[EventRounds "9"]
[EventCountry "HUN"]
[Source "chess.hu"]
[WhiteTeam "Haladas VSE"]
[BlackTeam "Dunaharaszti MTK"]
[WhiteTeamCountry "HUN"]
[BlackTeamCountry "HUN"]

1. Nf3 c5 2. c4 Nf6 3. Nc3 Nc6 4. g3 d5 5. d4 e6 6. cxd5 Nxd5 7. Bg2 cxd4 8.
Nxd4 Nxc3 9. bxc3 Nxd4 10. Qxd4 Qxd4 11. cxd4 Bb4+ 12. Bd2 Bxd2+ 13. Kxd2 Ke7
14. Rhc1 Rd8 15. Rc7+ Rd7 16. Rac1 Kd8 17. Rxd7+ Kxd7 18. e4 Rb8 19. Bf1 b5 20.
Rc5 a6 21. Bd3 h6 22. h4 Kd8 23. g4 Bd7 24. f4 Rb6 25. f5 Rc6 26. Rxc6 Bxc6 27.
Ke3 Ke7 28. Kf4 Bd7 29. fxe6 Kxe6 30. g5 hxg5+ 31. hxg5 Kd6 32. Bc2 Be6 33. d5
Bc8 34. e5+ Kxd5 35. Bb3+ Kc5 36. Bxf7 a5 37. Ke4 a4 38. a3 Bb7+ 39. Kd3 Bd5
40. g6 Bb7 41. Kc3 Bc8 42. e6 Kd6 43. Kb4 Bxe6 44. Bxe6 Kxe6 45. Kxb5 Kf6 46.
Kxa4 Kxg6 47. Kb5 1/2-1/2

[Event "Szuperliga - GM Szabo Laszlo"]
[Site "Dunaharaszti"]
[Date "2024.05.11"]
[Round "8.8"]
[White "Nguyen, Huynh Minh Huy"]
[Black "Gombocz, Ferenc Jr"]
[Result "1-0"]
[WhiteElo "2432"]
[BlackElo "2356"]
[PlyCount "65"]
[EventDate "2023.10.28"]
[EventType "team-tourn"]
[EventRounds "9"]
[EventCountry "HUN"]
[Source "chess.hu"]
[WhiteTeam "Dunaharaszti MTK"]
[BlackTeam "Haladas VSE"]
[WhiteTeamCountry "HUN"]
[BlackTeamCountry "HUN"]

1. d4 d5 2. c4 c6 3. Nc3 Nf6 4. e3 a6 5. Qc2 g6 6. Nf3 Bf5 7. Qb3 Ra7 8. Ne5
Nbd7 9. cxd5 Nxe5 10. dxe5 Nxd5 11. Nxd5 cxd5 12. Qa4+ b5 13. Bxb5+ Bd7 14. Qd4
e6 15. Qxa7 Bb4+ 16. Bd2 Bxd2+ 17. Kxd2 Qa5+ 18. Kd1 Bxb5 19. Qb8+ Kd7 20. Qb7+
Ke8 21. Rc1 Kf8 22. Rc7 Be8 23. a3 Kg7 24. Kc1 Rf8 25. Rc8 Ba4 26. Qc7 Rxc8 27.
Qxc8 Qb5 28. Re1 Qd3 29. Qc3 Qf5 30. b3 Bb5 31. a4 Bd3 32. f3 a5 33. g4 1-0

[Event "Szuperliga - GM Szabo Laszlo"]
[Site "Dunaharaszti"]
[Date "2024.05.11"]
[Round "8.9"]
[White "Lakos, Nikoletta"]
[Black "Borocz, Istvan"]
[Result "1-0"]
[WhiteElo "2209"]
[BlackElo "2324"]
[PlyCount "77"]
[EventDate "2023.10.28"]
[EventType "team-tourn"]
[EventRounds "9"]
[EventCountry "HUN"]
[Source "chess.hu"]
[WhiteTeam "Haladas VSE"]
[BlackTeam "Dunaharaszti MTK"]
[WhiteTeamCountry "HUN"]
[BlackTeamCountry "HUN"]

1. e4 e5 2. Nf3 Nc6 3. Bc4 Nf6 4. d3 Bc5 5. c3 d6 6. Nbd2 a6 7. Bb3 Ba7 8. Nf1
d5 9. Qe2 Be6 10. Ng3 d4 11. c4 h6 12. Ba4 Nd7 13. O-O Rb8 14. Bxc6 bxc6 15. a3
c5 16. b4 O-O 17. h3 c6 18. Bd2 a5 19. bxa5 Ra8 20. Rfb1 Bb8 21. Qe1 Bc7 22.
Rb7 Bxa5 23. Bxa5 Qxa5 24. Qxa5 Rxa5 25. Nf5 Rfa8 26. Ne7+ Kh7 27. Nxc6 Rxa3
28. Rxa3 Rxa3 29. Ncxe5 Nxe5 30. Nxe5 f6 31. Re7 Bxh3 32. gxh3 fxe5 33. Rxe5
Rxd3 34. Rxc5 Rxh3 35. Rd5 Rd3 36. c5 Rd1+ 37. Kg2 g5 38. c6 Kg6 39. Rc5 1-0

[Event "Szuperliga - GM Szabo Laszlo"]
[Site "Dunaharaszti"]
[Date "2024.05.11"]
[Round "8.10"]
[White "Baski, Barnabas"]
[Black "Magyar, Andras"]
[Result "1-0"]
[WhiteElo "2173"]
[BlackElo "2242"]
[PlyCount "111"]
[EventDate "2023.10.28"]
[EventType "team-tourn"]
[EventRounds "9"]
[EventCountry "HUN"]
[Source "chess.hu"]
[WhiteTeam "Dunaharaszti MTK"]
[BlackTeam "Haladas VSE"]
[WhiteTeamCountry "HUN"]
[BlackTeamCountry "HUN"]

1. Nf3 Nf6 2. g3 g6 3. b3 Bg7 4. Bb2 O-O 5. Bg2 d6 6. d4 a6 7. c4 Nc6 8. d5 Na5
9. O-O c5 10. dxc6 Nxc6 11. Nd4 Bd7 12. Nc2 b5 13. Ne3 Rb8 14. Nc3 Ne5 15. cxb5
axb5 16. Qd2 Bc6 17. Ncd5 Nxd5 18. Bxd5 Bxd5 19. Nxd5 Qd7 20. Rac1 e6 21. Nb4
d5 22. Rfd1 Rfc8 23. Bd4 Nc6 24. Bxg7 Kxg7 25. Nxc6 Rxc6 26. Rxc6 Qxc6 27. Rc1
Qd6 28. Qd4+ e5 29. Qa7 Rd8 30. Rc7 Qf6 31. Qb7 e4 32. Qxb5 d4 33. Rd7 Rc8 34.
Qd5 d3 35. exd3 e3 36. f4 Qa1+ 37. Kg2 Rc2+ 38. Kf3 Qf1+ 39. Ke4 Qg2+ 40. Kd4
Qxd5+ 41. Rxd5 e2 42. Re5 Rxa2 43. b4 f5 44. Re3 Rc2 45. Kd5 Kf6 46. b5 Rd2 47.
d4 g5 48. b6 gxf4 49. gxf4 Rb2 50. Kc6 Rc2+ 51. Kb7 Rd2 52. d5 Rxd5 53. Rxe2
Rd4 54. Kc6 Rxf4 55. b7 Rb4 56. Re8 1-0

[Event "Szuperliga - GM Szabo Laszlo"]
[Site "Mako"]
[Date "2024.05.11"]
[Round "8.1"]
[White "Sjugirov, Sanan"]
[Black "Mihok, Oliver"]
[Result "1/2-1/2"]
[WhiteElo "2692"]
[BlackElo "2528"]
[PlyCount "208"]
[EventDate "2023.10.28"]
[EventType "team-tourn"]
[EventRounds "9"]
[EventCountry "HUN"]
[Source "chess.hu"]
[WhiteTeam "Sentimento Ajka BSK"]
[BlackTeam "Duocor-Makoi SVSE"]
[WhiteTeamCountry "HUN"]
[BlackTeamCountry "HUN"]

1. d4 Nf6 2. c4 g6 3. Nc3 Bg7 4. e4 d6 5. Be2 O-O 6. Be3 e5 7. d5 Na6 8. h4 Nc5
9. Qc2 c6 10. Bxc5 dxc5 11. h5 cxd5 12. h6 Bh8 13. Nxd5 Be6 14. Nf3 Ne8 15. Rd1
Bxd5 16. cxd5 Nd6 17. Nd2 Rc8 18. a4 a6 19. Nc4 Nxc4 20. Qxc4 Qd6 21. Kf1 Bf6
22. a5 Bd8 23. Ra1 Rc7 24. g3 f5 25. exf5 Rcf7 26. Kg2 gxf5 27. Rac1 Bxa5 28.
Qxc5 Qxc5 29. Rxc5 Bb4 30. Rc4 Bd6 31. Rh5 Rf6 32. f3 Rg6 33. Kf2 Bb8 34. Bd1
Ba7+ 35. Kg2 Bb8 36. Rc3 e4 37. fxe4 fxe4 38. Rh4 Bd6 39. Be2 Rff6 40. Rxe4
Rxh6 41. Bg4 Rhg6 42. Bc8 Rf8 43. Re6 Kg7 44. Bxb7 Rb8 45. Bxa6 Rxb2+ 46. Kh3
Rd2 47. Bc4 Rd4 48. Bb3 Rb4 49. Bc2 Rxe6 50. dxe6 Kf6 51. Bb3 h6 52. Rf3+ Ke5
53. Ba2 Ra4 54. Bb3 Rb4 55. Kg2 Be7 56. Re3+ Re4 57. Rc3 Rb4 58. Kh3 Bg5 59.
Ba2 Ra4 60. Rc2 Kd6 61. Re2 Ke7 62. Rc2 Kd6 63. Bc4 Ra1 64. Rc3 Ra4 65. Rd3+
Ke5 66. Bb3 Rb4 67. Rd5+ Kf6 68. Rd3 Ke5 69. Rf3 Ke4 70. Kg2 Ke5 71. Kf2 Rb6
72. Rd3 Rd6 73. Rc3 Rb6 74. Ke2 Rb4 75. Rf3 Rb6 76. Kf2 Rb4 77. Kg2 Rb6 78. Kh3
Rb4 79. Ba2 Ra4 80. Rf2 Kd6 81. Rc2 Ke7 82. Rc7+ Kd8 83. Rd7+ Ke8 84. Bb1 Be7
85. Rd5 Ra6 86. Bf5 Kf8 87. Kg4 Kg7 88. Rd1 Ra4+ 89. Kh3 Ra6 90. Bg4 h5 91. Bf5
Ra3 92. Kg2 Kf6 93. Bh3 Ra2+ 94. Kh1 Rf2 95. Rd5 Kg6 96. Kg1 Ra2 97. Rd7 Kf6
98. Rd1 Kg6 99. Kf1 Ra3 100. Kg2 h4 101. gxh4 Bxh4 102. Rf1 Ra2+ 103. Kf3 Ra3+
104. Kg2 Ra2+ 1/2-1/2

[Event "Szuperliga - GM Szabo Laszlo"]
[Site "Mako"]
[Date "2024.05.11"]
[Round "8.2"]
[White "Csonka, Balazs"]
[Black "Pechac, Jergus"]
[Result "1/2-1/2"]
[WhiteElo "2480"]
[BlackElo "2591"]
[PlyCount "61"]
[EventDate "2023.10.28"]
[EventType "team-tourn"]
[EventRounds "9"]
[EventCountry "HUN"]
[Source "chess.hu"]
[WhiteTeam "Duocor-Makoi SVSE"]
[BlackTeam "Sentimento Ajka BSK"]
[WhiteTeamCountry "HUN"]
[BlackTeamCountry "HUN"]

1. e4 e5 2. Nf3 Nc6 3. Bb5 Nge7 4. Nc3 Ng6 5. d4 exd4 6. Nxd4 Bb4 7. O-O O-O 8.
f4 a6 9. Be2 Re8 10. f5 Nge5 11. f6 d6 12. Nxc6 bxc6 13. fxg7 Kxg7 14. Kh1 Qh4
15. Bf4 Bxc3 16. bxc3 Ng6 17. Qd4+ Kg8 18. Bg3 Qxe4 19. Bc4 Qxd4 20. Bxf7+ Kg7
21. cxd4 Re7 22. Bb3 Be6 23. Kg1 a5 24. Bxe6 Rxe6 25. Rab1 Rae8 26. Rb7 R8e7
27. Ra7 Re2 28. Rf2 Re1+ 29. Rf1 R1e2 30. Rf2 Re1+ 31. Rf1 1/2-1/2

[Event "Szuperliga - GM Szabo Laszlo"]
[Site "Mako"]
[Date "2024.05.11"]
[Round "8.3"]
[White "Banusz, Tamas"]
[Black "Kosic, Dragan"]
[Result "1/2-1/2"]
[WhiteElo "2623"]
[BlackElo "2366"]
[PlyCount "117"]
[EventDate "2023.10.28"]
[EventType "team-tourn"]
[EventRounds "9"]
[EventCountry "HUN"]
[Source "chess.hu"]
[WhiteTeam "Sentimento Ajka BSK"]
[BlackTeam "Duocor-Makoi SVSE"]
[WhiteTeamCountry "HUN"]
[BlackTeamCountry "HUN"]

1. c4 c5 2. Nc3 Nc6 3. g3 g6 4. Bg2 Bg7 5. d3 d6 6. Qd2 Nf6 7. b3 Bd7 8. Bb2
Rb8 9. Nd5 e5 10. e3 Nxd5 11. cxd5 Ne7 12. e4 O-O 13. f4 f6 14. Nf3 b5 15. O-O
Bh6 16. Rf2 Qb6 17. Raf1 a5 18. Kh1 a4 19. Ng1 axb3 20. axb3 Ra8 21. Qd1 Bg7
22. Bh3 Qb7 23. Bxd7 Qxd7 24. Nf3 Bh6 25. Nh4 Rac8 26. Qe2 Ra8 27. Ng2 Bg7 28.
Ne3 f5 29. fxe5 dxe5 30. Qc2 Qd6 31. Bc3 Bh6 32. Bd2 Bg7 33. b4 cxb4 34. Qb3
Kh8 35. Bxb4 Qd7 36. Kg2 fxe4 37. dxe4 Rxf2+ 38. Rxf2 Ng8 39. Qd3 Nf6 40. h3
Ra4 41. Rb2 h5 42. h4 Qa7 43. d6 Kh7 44. Nd5 Ng4 45. Be1 Rd4 46. Qe2 Qd7 47.
Bb4 Qc6 48. Rc2 Rc4 49. Rxc4 bxc4 50. Qd2 Bh6 51. Qe2 Kg7 52. Qf1 Ne3+ 53. Nxe3
Bxe3 54. Kf3 Bd4 55. Qc1 c3 56. Qg5 Qd7 57. Ke2 Qb5+ 58. Ke1 Qxb4 59. Qe7+
1/2-1/2

[Event "Szuperliga - GM Szabo Laszlo"]
[Site "Mako"]
[Date "2024.05.11"]
[Round "8.4"]
[White "Kovacevic, Aleksandar"]
[Black "Lagarde, Maxime"]
[Result "1/2-1/2"]
[WhiteElo "2489"]
[BlackElo "2624"]
[PlyCount "78"]
[EventDate "2023.10.28"]
[EventType "team-tourn"]
[EventRounds "9"]
[EventCountry "HUN"]
[Source "chess.hu"]
[WhiteTeam "Duocor-Makoi SVSE"]
[BlackTeam "Sentimento Ajka BSK"]
[WhiteTeamCountry "HUN"]
[BlackTeamCountry "HUN"]

1. e4 c5 2. Nf3 d6 3. Bb5+ Nd7 4. O-O a6 5. Bd3 Ngf6 6. Re1 e6 7. c3 Be7 8. Bc2
b5 9. d4 Bb7 10. a4 cxd4 11. cxd4 b4 12. a5 O-O 13. Nbd2 Rc8 14. Nb3 Rc7 15.
Bd3 Qa8 16. Qe2 Rfc8 17. Bd2 Nf8 18. h3 Ng6 19. Nh2 Rb8 20. Ng4 Bc6 21. Rec1
Rd7 22. Nxf6+ Bxf6 23. f3 Bb5 24. Bxb5 Rxb5 25. Rc2 h6 26. Rac1 Qb7 27. Qc4 Bd8
28. Qc8 Ne7 29. Qxb7 Rdxb7 30. Kf1 Kf8 31. Bf4 Rd7 32. Ke2 Ke8 33. g4 Rbb7 34.
Bg3 Rb5 35. Bh2 Rbb7 36. Bg3 Rb5 37. Bh2 Rbb7 38. Bg3 Rb5 39. Bh2 Rbb7 1/2-1/2

[Event "Szuperliga - GM Szabo Laszlo"]
[Site "Mako"]
[Date "2024.05.11"]
[Round "8.5"]
[White "Prohaszka, Peter"]
[Black "Hujbert, Florian"]
[Result "1/2-1/2"]
[WhiteElo "2581"]
[BlackElo "2415"]
[PlyCount "73"]
[EventDate "2023.10.28"]
[EventType "team-tourn"]
[EventRounds "9"]
[EventCountry "HUN"]
[Source "chess.hu"]
[WhiteTeam "Sentimento Ajka BSK"]
[BlackTeam "Duocor-Makoi SVSE"]
[WhiteTeamCountry "HUN"]
[BlackTeamCountry "HUN"]

1. d4 d5 2. c4 dxc4 3. Nf3 Nf6 4. e3 Bg4 5. Bxc4 e6 6. Nc3 Nc6 7. h3 Bh5 8. Bb5
Bb4 9. a3 Bxc3+ 10. bxc3 O-O 11. Be2 Na5 12. O-O c5 13. Ne5 Bxe2 14. Qxe2 Nd7
15. Nf3 Qc7 16. Rb1 Rac8 17. Rd1 Rfe8 18. e4 a6 19. Be3 cxd4 20. cxd4 Nc4 21.
Rdc1 b5 22. a4 Qa5 23. axb5 axb5 24. Bd2 Nxd2 25. Qxd2 Rxc1+ 26. Rxc1 Qb6 27.
Qb4 Nf6 28. Nd2 h6 29. Rc5 Rb8 30. f3 Nd7 31. Rc1 e5 32. Nb3 exd4 33. Qxd4
Qxd4+ 34. Nxd4 b4 35. Rb1 Rb6 36. Kf2 Nc5 37. Nb3 1/2-1/2